Movies Quiz

Random Movies or Cast Quiz
Score 0/60 Timer 15:00
0 Plays Today
Hint Answer % Correct
The Tenth Victim (1965)Marcello Mastroianni
100%
The Assassin (1961)Marcello Mastroianni
100%
Todo modo (1976)Marcello Mastroianni
100%
Le mani sporche (1978) (TV)Marcello Mastroianni
100%
Investigation of a Citizen Above Suspicion (1970)Gian Maria Volonte
85%
The Working Class Goes to Heaven (1971)Gian Maria Volonte
85%
We Still Kill the Old Way (1967)Gian Maria Volonte
85%
Todo modo (1976)Gian Maria Volonte
85%
A Quiet Place in the Country (1968)Franco Nero
75%
The Tenth Victim (1965)Ursula Andress
65%
A Quiet Place in the Country (1968)Vanessa Redgrave
65%
The Working Class Goes to Heaven (1971)Mariangela Melato
65%
Todo modo (1976)Mariangela Melato
65%
Investigation of a Citizen Above Suspicion (1970)Florinda Bolkan
60%
We Still Kill the Old Way (1967)Irene Papas
55%
The Tenth Victim (1965)Elsa Martinelli
50%
The Teacher from Vigevano (1963)Claire Bloom
50%
High Infidelity (1964) (segment 'Peccato nel Pommerigio')Claire Bloom
50%
The Tenth Victim (1965)Massimo Serato
45%
The Tenth Victim (1965)George Wang
45%
Property Is No Longer a Theft (1973)Ugo Tognazzi
40%
Good Times (1979)Giancarlo Giannini
40%
The Tenth Victim (1965)Salvo Randone
35%
The Assassin (1961)Salvo Randone
35%
His Days Are Numbered (1962)Salvo Randone
35%
The Teacher from Vigevano (1963)Alberto Sordi
35%
Property Is No Longer a Theft (1973)Salvo Randone
35%
Investigation of a Citizen Above Suspicion (1970)Salvo Randone
35%
We Still Kill the Old Way (1967)Salvo Randone
35%
The Working Class Goes to Heaven (1971)Flavio Bucci
33.3%
Hint Answer % Correct
Todo modo (1976)Michel Piccoli
33.3%
We Still Kill the Old Way (1967)Gabriele Ferzetti
30%
His Days Are Numbered (1962)Regina Bianchi
25%
Property Is No Longer a Theft (1973)Flavio Bucci
25%
Todo modo (1976)Franco Citti
25%
We Still Kill the Old Way (1967)Luigi Pistilli
20%
The Assassin (1961)Micheline Presle
20%
His Days Are Numbered (1962)Franco Sportelli
20%
Todo modo (1976)Ciccio Ingrassia
20%
Property Is No Longer a Theft (1973)Orazio Orlando
16.7%
Investigation of a Citizen Above Suspicion (1970)Orazio Orlando
15%
The Assassin (1961)Cristina Gaioni
15%
The Assassin (1961)Franco Ressel
15%
The Assassin (1961)Andrea Checchi
15%
The Working Class Goes to Heaven (1971)Gino Pernice
15%
Property Is No Longer a Theft (1973)Daria Nicolodi
15%
Good Times (1979)Angela Molina
15%
Good Times (1979)Paolo Bonacelli
15%
Le mani sporche (1978) (TV)Giovanni Visentin
15%
Le mani sporche (1978) (TV)Giuliana de Sio
15%
Investigation of a Citizen Above Suspicion (1970)Arturo Dominici
10%
High Infidelity (1964) (segment 'Peccato nel Pommerigio')Charles Aznavour
10%
The Working Class Goes to Heaven (1971)Luigi Diberti
10%
Property Is No Longer a Theft (1973)Mario Scaccia
10%
The Teacher from Vigevano (1963)Piero Mazzarella
8.3%
A Quiet Place in the Country (1968)Georges Geret
8.3%
Investigation of a Citizen Above Suspicion (1970)Gianni Santuccio
8.3%
Property Is No Longer a Theft (1973)Gigi Proietti
8.3%
Good Times (1979)Aurore Clement
8.3%
Good Times (1979)Ninetto Davoli
8.3%
Remove Ads.
Support Sporcle.
Get the best of Sporcle when you Go Orange. This ad-free experience offers more features, more stats, and more fun while also helping to support Sporcle. Thank you for becoming a member.

You're not logged in!

Compare scores with friends on all Sporcle quizzes.
OR
Log In

Show Comments

Extras

Created Aug 13, 2016ReportNominate
Tags:Cast Quiz

Top Quizzes Today


Score Distribution

Your Account Isn't Verified!

In order to create a playlist on Sporcle, you need to verify the email address you used during registration. Go to your Sporcle Settings to finish the process.

Report this User

Report this user for behavior that violates our Community Guidelines.

Details: